[Event "VIE-ch U11"]
[Site "Hai Phong"]
[Date "2018.07.09"]
[Round "5"]
[White "Nguyen, Tri Thinh"]
[Black "Tran, Van Anh Kiet"]
[Result "1-0"]
[WhiteElo "1862"]
[BlackElo "1892"]
[PlyCount "64"]
[EventDate "2018.07.07"]
[EventType "swiss"]
[EventRounds "9"]
[EventCountry "VIE"]
[SourceTitle "EXT 2019"]
[Source "ChessBase"]
[SourceDate "2018.10.10"]
[SourceVersion "1"]
[SourceVersionDate "2018.10.10"]
[SourceQuality "1"]

1. e4 e5 2. Nf3 Nc6 3. Bb5 d6 4. 0-0 Be7 5. c3 Nf6 6. d3 0-0 7. Nbd2 a6 8. Ba4 b5 9. Bc2 Bg4 10. Re1 Re8 11. Nf1 Bh5 12. Ng3 Bg4 13. h3 Be6 14. d4 exd4 15. cxd4 d5 16. e5 Nd7 17. Nd2 g6 18. f4 Bh4 19. Re3 f5 20. Ne2 Nb6 21. Rf3 Be7 22. g4 Rf8 23. Ng3 Kh8 24. Rf2 Bh4 25. Rg2 Be7 26. b3 Nb8 27. Bb1 c5 28. gxf5 gxf5 29. Qh5 Bf7 30. Qxf5 Bg6 31. Qg4 Bxb1 32. Nxb1 N8d7 1-0

[Event "VIE-ch U07"]
[Site "Ho Chi Minh City"]
[Date "2014.07.16"]
[Round "6"]
[White "Tong, Hai Anh"]
[Black "Nguyen, Tri Thinh"]
[Result "0-1"]
[WhiteElo "1414"]
[BlackElo "1369"]
[PlyCount "98"]
[EventDate "2014.07.13"]
[EventType "swiss"]
[EventRounds "9"]
[EventCountry "VIE"]
[SourceTitle "EXT 2016"]
[Source "ChessBase"]
[SourceDate "2015.10.08"]
[SourceVersion "1"]
[SourceVersionDate "2015.10.08"]
[SourceQuality "1"]

1. d4 d5 2. c4 dxc4 3. e3 Bf5 4. Bxc4 Nf6 5. Nf3 e6 6. 0-0 Bd6 7. Bd2 0-0 8. Bc3 Bg4 9. Nbd2 Nc6 10. e4 Be7 11. Qc2 Bb4 12. a3 Bxc3 13. bxc3 Qe7 14. Ng5 h6 15. Ngf3 Nd7 16. e5 Nb6 17. Bb5 Nd5 18. c4 Nb6 19. Qe4 Bxf3 20. Qxf3 Nxd4 21. Qxb7 Qg5 22. f4 Ne2+ 23. Kh1 Nxf4 24. Qe4 Ng6 25. Nf3 Qf4 26. Qe2 a6 27. Bc6 Rad8 28. c5 Qc4 29. Qe3 Nd5 30. Bxd5 Qxd5 31. Rad1 Qc4 32. Rc1 Qd3 33. Qxd3 Rxd3 34. Ra1 Rb8 35. a4 Re3 36. Rfe1 Rbb3 37. Nd4 Rxe1+ 38. Rxe1 Rb4 39. Nc6 Rxa4 40. Rc1 Re4 41. Ra1 Nxe5 42. Nb8 a5 43. h3 a4 44. Kh2 Nd3 45. c6 Nc5 46. Rd1 e5 47. Nd7 Ne6 48. Rc1 a3 49. Ra1 Ra4 0-1